000 01402cam a2200397 i 4500
999 _c6812
_d6812
001 .b59237338
003 OCoLC
005 20180418125534.0
008 150615t20162016enka 001 0 eng d
020 _a9780323287838
020 _a0323287832
035 _a(OCoLC)911073050
040 _aBTCTA
_beng
_erda
_cBTCTA
_dYDXCP
_dLGG
_dOCLCF
_dNLGGC
042 _anbic
050 4 _aRC346
_bN4535
060 4 _aWL 140
245 0 0 _aBradley's Neurology in Clinical Practice /
_cRobert B. Daroff, Joseph Jankovic, John C. Mazziotta, Scott L. Pomeroy.
246 3 _aNeurology in clinical practice.
250 _aSeventh edition.
260 _c[2016]
264 1 _aLondon ;
_aNew York :
_bElsevier Science Health Science,
_c[2016]
264 4 _c©2016.
300 _a2 volumes :
_billustrations (chiefly colour) ;
_ccm.
336 _atext
_2rdacontent.
337 _aunmediated
_2rdamedia.
338 _avolume
_2rdacarrier.
504 _aIncludes bibliographical references and index.
650 0 _aNervous system
_xDiseases.
650 7 _aNervous system
_xDiseases.
_2fast
_0(OCoLC)fst01036098.
650 2 _aNervous System Diseases.
650 2 _aDiagnostic Techniques, Neurological.
700 1 _aDaroff, Robert B.,
_eeditor.
700 1 _aJankovic, Joseph,
_eeditor.
700 1 _aMazziotta, John C.,
_eeditor.
700 1 _aPomeroy, Scott Loren,
_eeditor.
700 1 _aBradley, W. G.
_q(Walter George),
_eauthor.
942 _2NLM
_cBOOK